| 000 | 00529nam a2200157 a 4500 | ||
|---|---|---|---|
| 001 | 3165 | ||
| 003 | CDMR | ||
| 005 | 20130319195042.0 | ||
| 008 | 130130s1996||||||||||||||||||||||||||||d | ||
| 040 |
_aCDMR _bcat _cCPC LLEIDA |
||
| 110 | 2 |
_aSociedad Española de Periodística _92242 |
|
| 245 | 1 | 0 |
_aPonencias y comunicaciones _b: IV Congreso Sociedad Española de Periodística _cSociedad Española de Periodística (SEP) |
| 260 |
_aPontevedra _c1996 _bDiputación de Pontevedra |
||
| 490 | 0 | _aEstudios de Periodística | |
| 942 |
_cMON _2udc |
||
| 999 |
_c3165 _d3165 |
||